000 00660nam a2200181Ia 4500
008 090630s9999 xx 000 0 und d
082 _b13132
100 _aघाणेकर प्र. के.
245 _aदुर्गांच्या देशात.
_cघाणेकर प्र. के.
260 _bस्नेहल - पुणे 4.
_c1993
300 _a71
600 _aघाणेकर प्र. के.
630 _aदुर्गांच्या देशात.
655 _aइतर.
700 _aघाणेकर प्र. के.
730 _aदुर्गांच्या देशात.
942 _cBOOK
999 _c264988
_d264988